[Event "Challenge"]
[Site "http://www.queenalice.com/game.php?id=220157"]
[Date "2007.6.3"]
[Round "-"]
[White "Davidenko"]
[Black "kasparinov"]
[Result "0-1"]
[WhiteElo "1138"]
[BlackElo "1734"]

1. e4 e5 2. Nf3 Nc6 3. Bb5 Nf6 4. O-O d6 5. Re1 Bd7 6. c3 a6 7. Ba4 Be7 8. d4 b5
9. Bb3 O-O 10. d5 Na5 11. Bc2 c6 12. b3 cxd5 13. exd5 Re8 14. Nbd2 Nxd5 15. Ne4
Bc6 16. Qd3 f5 17. Bb2 fxe4 18. Qxe4 g6 19. Qd3 Nf4 20. Qd1 Qd7 21. Bc1 Nh3+ 22.
gxh3 Qxh3 0-1

[Event "Challenge"]
[Site "http://www.queenalice.com/game.php?id=220159"]
[Date "2007.6.3"]
[Round "-"]
[White "Davidenko"]
[Black "Jamtony"]
[Result "1-0"]
[WhiteElo "1080"]
[BlackElo "1687"]

1. d4 d5 2. Nf3 Nc6 3. Bf4 e6 4. Nc3 h6 5. e3 a6 6. Bd3 g5 7. Bg3 h5 8. h4 f6 9.
Bg6+ Kd7 10. Qe2 g4 11. Nd2 Nge7 12. Bd3 Ke8 13. f3 e5 14. Nb3 b6 15. dxe5 fxe5
16. O-O-O Bf5 17. Bf2 b5 18. Bxf5 Nxf5 19. Nxd5 g3 20. Qd3 Nxh4 21. Bxg3 Nxg2
22. Qg6+ Kd7 23. Nf6+ Ke6 24. Ng8+ Qf6 25. Qxf6# 1-0

[Event "AUTO-BEG-106"]
[Site "http://www.queenalice.com/game.php?id=220938"]
[Date "2007.6.5"]
[Round "1"]
[White "Brill"]
[Black "Davidenko"]
[Result "1-0"]
[WhiteElo "1190"]
[BlackElo "1138"]

1. e4 c6 2. d3 d5 3. Be2 e5 4. Nf3 Nd7 5. Ng5 Bb4+ 6. c3 Be7 7. a4 Bxg5 8. O-O
Bxc1 9. Qxc1 Ngf6 10. exd5 cxd5 11. c4 d4 12. a5 Nc5 13. Qg5 O-O 14. Qxe5 Ncd7
15. Nd2 Re8 16. Qxd4 Rxe2 17. Rad1 Re8 18. c5 b6 19. cxb6 axb6 20. Qd6 Rxa5 21.
b4 1-0

[Event "AUTO-BEG-106"]
[Site "http://www.queenalice.com/game.php?id=220939"]
[Date "2007.6.5"]
[Round "1"]
[White "Davidenko"]
[Black "Brill"]
[Result "0-1"]
[WhiteElo "1155"]
[BlackElo "1204"]

1. e4 e5 2. Nf3 Nc6 3. Bb5 Bc5 4. O-O Nge7 5. c3 O-O 6. d4 Nxd4 7. cxd4 exd4 8.
Bd3 Ng6 9. e5 d6 10. Qc2 Bg4 11. Be2 Qe8 12. exd6 Bxd6 13. Qd3 Rd8 14. Bd2 c5
15. Na3 Qe6 16. Rfe1 Nf4 17. Bxf4 Bxf4 18. Bf1 Rb8 19. Rxe6 Bxe6 20. Re1 Rbd8
0-1

[Event "AUTO-BEG-106"]
[Site "http://www.queenalice.com/game.php?id=220946"]
[Date "2007.6.5"]
[Round "1"]
[White "Davidenko"]
[Black "kingtrishul"]
[Result "1-0"]
[WhiteElo "1080"]
[BlackElo "1207"]

1. e4 e5 2. Nf3 Nc6 3. Bb5 a6 4. Ba4 b5 5. Bb3 Nf6 6. O-O Bc5 7. Re1 O-O 8. c3
Re8 9. Ng5 h6 10. Bxf7+ Kf8 11. Bxe8 Qxe8 12. Nf3 d6 13. h3 Be6 14. d4 exd4 15.
cxd4 Bb6 16. d5 Bxd5 17. exd5 Ne5 18. Nbd2 Qf7 19. Re2 1-0

[Event "AUTO-BEG-106"]
[Site "http://www.queenalice.com/game.php?id=220947"]
[Date "2007.6.5"]
[Round "1"]
[White "kingtrishul"]
[Black "Davidenko"]
[Result "0-1"]
[WhiteElo "1207"]
[BlackElo "1120"]

1. e4 c6 2. c4 Nf6 3. Nc3 d6 4. d4 Nbd7 5. Nf3 e6 6. Bg5 Qb6 7. Bxf6 Nxf6 8. e5
Nd7 9. exd6 c5 10. d5 Qxd6 11. Bd3 Nf6 12. O-O Be7 13. Re1 O-O 14. dxe6 Bxe6 15.
b3 Qc7 16. h3 Rad8 17. Qc2 g6 18. Rad1 Nh5 19. Nb5 Qb6 0-1

[Event "Challenge"]
[Site "http://www.queenalice.com/game.php?id=221400"]
[Date "2007.6.6"]
[Round "-"]
[White "Davidenko"]
[Black "raga"]
[Result "1-0"]
[WhiteElo "1155"]
[BlackElo "1731"]

1. e4 c5 2. Nf3 e6 3. Nc3 Nc6 4. d4 cxd4 5. Nxd4 a6 6. Be2 Nf6 7. O-O Bb4 8. Bf3
Ne5 9. a3 Bxc3 10. bxc3 O-O 11. Bg5 h6 12. Bh4 d6 13. Re1 g5 14. Bg3 g4 15. Bxe5
dxe5 16. Bxg4 exd4 17. cxd4 e5 18. Bxc8 Rxc8 19. d5 Qd6 20. Qd2 Kh7 21. Re3 1-0

[Event "AUTO-OPEN-690"]
[Site "http://www.queenalice.com/game.php?id=222152"]
[Date "2007.6.7"]
[Round "1"]
[White "Davidenko"]
[Black "Alejandrito"]
[Result "1-0"]
[WhiteElo "1080"]
[BlackElo "1566"]

1. e4 e5 2. Nf3 Nc6 3. Bb5 Nf6 4. O-O Nxe4 5. d4 exd4 6. Re1 d5 7. Nxd4 Qf6 8.
f3 Bg4 9. Nxc6 Bc5+ 10. Be3 O-O 11. Nd4 Bh5 12. Qd3 c6 13. Ba4 Qh4 14. Nd2 Nxd2
15. Qxd2 Rae8 16. c3 b5 17. Nf5 Qxa4 18. Bxc5 Rxe1+ 19. Qxe1 Rd8 20. Qe5 f6 21.
Qe7 1-0

[Event "AUTO-OPEN-690"]
[Site "http://www.queenalice.com/game.php?id=222153"]
[Date "2007.6.7"]
[Round "1"]
[White "Alejandrito"]
[Black "Davidenko"]
[Result "1-0"]
[WhiteElo "1703"]
[BlackElo "1155"]

1. e4 c6 2. d4 d5 3. Nc3 Nf6 4. e5 Nfd7 5. Qh5 e6 6. Bg5 Be7 7. Nf3 O-O 8. Bd3
g6 9. Qh6 c5 10. h4 cxd4 11. Ne2 Nc6 12. h5 Ncxe5 13. Nexd4 Nxf3+ 14. Nxf3 Bxg5
15. Nxg5 Nf6 16. O-O-O Qe7 17. Nxh7 Nxh7 18. hxg6 fxg6 19. Qxg6+ Qg7 20. Qxg7+
Kxg7 21. Rxh7+ Kf6 22. Rdh1 Ke5 23. Re1+ Kd6 24. f3 Bd7 25. Be2 Rac8 26. g4 Kc7
27. Bb5 Rcd8 28. Bxd7 Rxd7 29. Rxd7+ Kxd7 30. Rf1 e5 31. Kd2 1-0

[Event "AUTO-OPEN-690"]
[Site "http://www.queenalice.com/game.php?id=222154"]
[Date "2007.6.7"]
[Round "1"]
[White "Davidenko"]
[Black "Pagano"]
[Result "0-1"]
[WhiteElo "1138"]
[BlackElo "2010"]

1. e4 e5 2. Nf3 Nc6 3. Bb5 a6 4. Ba4 Nf6 5. O-O Bc5 6. Re1 O-O 7. c3 b5 8. Bb3
d6 9. h3 Be6 10. Bc2 Re8 11. d4 exd4 12. cxd4 Nxd4 13. Nxd4 Bxd4 14. Qxd4 c5 15.
Qc3 b4 16. Qg3 Bd5 17. Bh6 g6 18. Bg5 h6 19. Bxh6 Bxe4 20. Bxe4 Nxe4 21. Qf3 Qh4
22. Bf4 d5 23. Nd2 Nxd2 24. Qd1 Rxe1+ 25. Qxe1 Qxf4 26. Rd1 Ne4 27. Rxd5 Rc8 28.
Rd3 c4 29. Rd4 f5 30. f3 c3 31. bxc3 bxc3 0-1

[Event "AUTO-OPEN-690"]
[Site "http://www.queenalice.com/game.php?id=222155"]
[Date "2007.6.7"]
[Round "1"]
[White "Pagano"]
[Black "Davidenko"]
[Result "1-0"]
[WhiteElo "2026"]
[BlackElo "1155"]

1. e4 c6 2. d4 d5 3. exd5 Qxd5 4. c4 Qe4+ 5. Be3 e5 6. Nc3 Bb4 7. Nf3 Nf6 8. Bd3
Qg4 9. dxe5 Nfd7 10. Qe2 O-O 11. h3 Qe6 12. Bxh7+ Kxh7 13. Ng5+ Kg8 14. Nxe6
fxe6 15. O-O-O Na6 16. f4 Bc5 17. h4 Bxe3+ 18. Qxe3 Nac5 19. h5 Rf7 20. h6 g6
21. g4 Nf8 22. b4 Na6 23. Ne4 Nxb4 24. Qb3 a5 25. f5 exf5 26. gxf5 Rxf5 27. Rd8
c5 28. h7+ Kh8 29. Nf6 1-0